01116nam a22003014c 4500003000900000008004100009020001800050040003100068041001900099080001000118100002300128245002200151250002200173264004100195300004200236336002800278337003200306338002800338490002900366520016100395521001300556650003700569650002500606653004700631942001400678999001300692952010900705AR-BaSMT251008t2025 spa|||ar|||| 000 0 spa d a9788417028992 aBSGBbespañolcBSGBerda0 aspahespañol a82-341 aDios, Olga de93901 aPájaro Amarillo aSegunda edición 1aZaragoza : bApila Ediciones, c2025 a34 páginas ; bilustraciones color. 2rda contentatextobtxt 2rdamediaasin mediacónbn 2rdacarrieravolumenbnc aColección Mostruo Rosa1 aPájaro Amarillo es un cuento sobre el valor de compartir. Nos invita a cuidar el planeta en el que vivimos y a liberar nuestras ideas por el bien común. aJardín 798aLITERATURA INFANTILzEspaña 7923aCUENTOzEspaña aEmocionesaRespetoaEmpatíaaConvivencia 2ddcaBOOK c658d658 00102ddc40aBSGBbBSGBcJardíneCompra feria del libro 2026i000966l0o82-34 DIOp000966t1yBOOKf